000
00357nam a2200169Ia 4500
100
_a
Erickson/Robert W
650
_a
Power electronics
250
_a
2
942
_c
BK
366
_f
25
245
_a
Fundamentals Of Power Electronics
260
_b
Springer
_c
2001
082
_a
621.317
_b
ERI
300
_a
883
546
_a
ENGLISH
_c
TTL
999
_c
31924
_d
31924